000 01072nam a2200301 a 4500
001 000112256
003 CHAP
005 20220329144253.0
008 160119s2015 mx a fsm |||||||spa d
010 _a108717
011 _a109689
040 _cCHAP
090 _aTesis
100 1 _aGirón López, Lucia
_9130468
245 1 0 _aMicropropagación de la variedad Martha de Dahlia brevis, una especie en peligro de extinción en México/
_h[En línea]
_cpor Lucia Girón López.
260 _aChapingo, Méx. :
_bEl autor,
_c2015.
500 _aPara ver el contenido del material haga clic en la liga
502 _aTesis (Ing. Agr. Esp. en Fitotecnica) -- UACH. Departamento de Fitotecnica
590 _aE6096MTM
_b05
_c20160119
_lUCH01
_h1351
590 _aE6096MTM
_b05
_c20160119
_lUCH01
_h1355
650 1 4 _aCultivo de tejidos.
_930213
650 1 4 _aDalia
_xExtinción
_zMéxico.
_9130469
650 1 4 _aDalia
_xPropagación.
_930950
856 _aFinding aid
_uhttp://10.13.5.2/tesis/sist112256.pdf
_zTeclea aquí
901 _aBK
942 _cTESIS
942 _n0
999 _c108717
_d108717